| 000 | 00615nam a22001817a 4500 | ||
|---|---|---|---|
| 003 | CEME | ||
| 005 | 20210628204153.0 | ||
| 008 | 210113b xxu||||| |||| 00| 0 eng d | ||
| 020 | _a9780307718020 | ||
| 040 | _cceme | ||
| 082 | _a973.932092 SAN | ||
| 100 |
_aSanger, David.E _99844 |
||
| 245 | _aConfront and conceal , obama's secret wars and surprising use of american power | ||
| 260 |
_aNEW YORK _bCROWN PUBLISHERS _c2012 |
||
| 300 | _aXX, 476P | ||
| 650 |
_aOBAMA'S SECRET WARS.SURPRISING USE OF AMERICAN POWER.OBAMAS AGGRESSIVE USE OF INNOVATIVE WEAPONS.TOOLS OF AMERICAN POWER. _969084 |
||
| 942 |
_cBK _2ddc |
||
| 999 |
_c576493 _d576493 |
||